Infrastructure planning
Guardat en:
| Autor principal: | |
|---|---|
| Format: | Llibre |
| Idioma: | anglès |
| Publicat: |
Ishwar Books
2019
|
| Etiquetes: |
Afegir etiqueta
Sense etiquetes, Sigues el primer a etiquetar aquest registre!
|
MARC
| LEADER | 00000nam a22000007a 4500 | ||
|---|---|---|---|
| 008 | 240116b |||||||| |||| 00| 0 eng d | ||
| 020 | |a 9789386806277 | ||
| 100 | |a JHA, Naveen Kumar | ||
| 245 | |a Infrastructure planning |c /Naveen Kumar Jha |g v, 312p | ||
| 260 | |b Ishwar Books |c 2019 |h New Delhi |i 700277 |i 700278 |l HD4431.J56 |m Municipal services--Planning |m Municipal engineering--Planning |m Infrastructure (Economics)- Planning | ||
| 500 | |a it includes bibliography and index | ||
| 942 | |a lcc |c BK |e Johnson |f 16/01/24 | ||
| 952 | |0 0 |1 0 |2 lcc |4 0 |6 HD4431 J56 |7 0 |9 4784 |a MPL |b HOL |c GJ |d 2024-01-16 |l 0 |o HD4431.J56 |p 2024-0038 |r 2024-01-16 00:00:00 |t 700277 |w 2024-01-16 |y BK | ||
| 952 | |0 0 |1 0 |2 lcc |4 0 |6 HD4431 J56 |7 0 |9 4785 |a MPL |b HOL |c GJ |d 2024-01-16 |l 0 |o HD4431.J56 |p 2024-0039 |r 2024-01-16 00:00:00 |t 700278 |w 2024-01-16 |y BK | ||
| 999 | |c 2392 |d 2392 | ||